Ferrocement Applications and Progress:Proceedings of the third international symposium on ferrocement / (Record no. 1397)
[ view plain ]
| 000 -LEADER | |
|---|---|
| fixed length control field | 00364 a2200097 4500 |
| 082 ## - DEWEY DECIMAL CLASSIFICATION NUMBER | |
| Classification number | 624.18341 KAU |
| 100 ## - MAIN ENTRY--PERSONAL NAME | |
| Personal name | Kaushik,S.K. |
| 245 ## - TITLE STATEMENT | |
| Title | Ferrocement Applications and Progress:Proceedings of the third international symposium on ferrocement / |
| Statement of responsibility, etc. | edited by S.K.Kaushik |
| 260 ## - PUBLICATION, DISTRIBUTION, ETC. | |
| Place of publication, distribution, etc. | New Delhi : |
| Date of publication, distribution, etc. | Tata McGraw Hill Publishing Comp, |
| Name of publisher, distributor, etc. | 1988 |
| 300 ## - PHYSICAL DESCRIPTION | |
| Extent | 728p. : |
| Other physical details | ill . ; |
| Dimensions | 26cm |
| 650 ## - SUBJECT ADDED ENTRY--TOPICAL TERM | |
| Topical term or geographic name entry element | ferrocement |
| Withdrawn status | Lost status | Damaged status | Not for loan | Permanent Location | Current Location | Shelving location | Date acquired | Total Checkouts | Full call number | Barcode | Date last seen | Price effective from | Koha item type |
|---|---|---|---|---|---|---|---|---|---|---|---|---|---|
| School of Civil and Environmental Engineering (SCEE) | School of Civil and Environmental Engineering (SCEE) | 624.18341 KAU | NIT-1876 | 01/05/2017 | 01/05/2017 | Book |
